| 000 | 00982nam a22001577a 4500 | ||
|---|---|---|---|
| 999 |
_c515367 _d515367 |
||
| 008 | 210122b ||||| |||| 00| 0 eng d | ||
| 100 |
_aGreenstein, Shane. _923689 |
||
| 245 | _aThe basic economics of internet infrastructure | ||
| 260 | _aThe Journal of Economic Perspectives | ||
| 300 | _a34(2), Spring, 2020: p.192-214 | ||
| 520 | _aThe internet's structure and operations remain invisible to most economists. What determines the economic value of internet infrastructure and the incentives to improve it? What are the open research questions for the most salient policy issues? This article reviews the basic economics of internet infrastructure, focusing attention on the economic questions motivated by public aspirations for ubiquitous availability and widespread adoption of internet protocols.- Reproduced | ||
| 650 |
_aInternet infrastructure, internet protocols _923690 |
||
| 773 | _aThe Journal of Economic Perspectives | ||
| 906 | _aINTERNET | ||
| 942 | _cAR | ||